Médicos y medicina en Cuba / (Record no. 132022)

MARC details
000 -LEADER
campo de control de longitud fija 00522nam a2200169 4500
001 - NÚMERO DE CONTROL
campo de control 132022
003 - IDENTIFICADOR DE NÚMERO DE CONTROL
campo de control ES-MaACL
005 - FECHA Y HORA DE LA ÚLTIMA TRANSACCIÓN
campo de control 20230906194105.0
007 - CAMPO FIJO DE DESCRIPCIÓN FÍSICA--INFORMACIÓN GENERAL
campo de control de longitud fija t|
008 - DATOS DE LONGITUD FIJA--INFORMACIÓN GENERAL
campo de control de longitud fija 070214s1965 cu r ||||1| spa d
100 1# - ENTRADA PRINCIPAL--NOMBRE DE PERSONA
Nombre de persona Roig de Leuchsenring, Emilio.
9 (RLIN) 99010
245 10 - MENCIÓN DEL TÍTULO
Título Médicos y medicina en Cuba /
Mención de responsabilidad, etc. Emilio Roig de Leuchsenring.
260 ## - PUBLICACIÓN, DISTRIBUCIÓN, ETC.
Lugar de publicación, distribución, etc. La Habana :
Nombre del editor, distribuidor, etc. Academia de Ciencias de Cuba,
Fecha de publicación, distribución, etc. 1965.
300 ## - DESCRIPCIÓN FÍSICA
Extensión 269 p. ;
Dimensiones 19 cm.
710 2# - ENTRADA AGREGADA--NOMBRE DE ENTIDAD CORPORATIVA
Nombre de entidad corporativa o nombre de jurisdicción como elemento de entrada Academia de Ciencias de Cuba.
9 (RLIN) 1165
852 ## - LOCALIZACIÓN
Ubicación ES-MaACL
Número de control de estantería C-51569
Sublocalización o colección R.67667
Holdings
Estatus retirado Estado de pérdida Estado de daño No para préstamo Biblioteca de origen Biblioteca actual Ubicación en estantería Fecha de adquisición Fuente de adquisición Total de préstamos Signatura topográfica completa Código de barras Visto por última vez Precio de reemplazo Tipo de ítem Koha
        Biblioteca del Ateneo de Madrid Biblioteca del Ateneo de Madrid Depósito 2 17/01/2008     C-51569 1137451 23/02/2023 23/02/2023 Libro impreso